| 000 | 00711nam a2200229 i 4500 | ||
|---|---|---|---|
| 001 | bg | ||
| 100 | 1 | _aSZPUNAR, Adam | |
| 245 | 1 | 0 |
_aZadośćuczynienie za szkodę niemajątkową / _cAdam Szpunar. |
| 260 |
_aBydgoszcz : _b"Branta", _ccop. 1999. |
||
| 300 |
_a254, [1] s. ; _c21 cm. |
||
| 504 | _aBibliogr. s. 249-[255]. | ||
| 650 | 9 |
_aDobra osobiste _xprawo _zPolska _ystan na 1999 r. |
|
| 650 | 9 |
_aOdszkodowanie _xprawo _xzagadnienia _zPolska _ystan na 1999 r. |
|
| 650 | 9 |
_aPrawo porównawcze _xzagadnienia |
|
| 020 | _a8386605472 | ||
| 040 | _cBPK | ||
| 041 | 0 | _apl | |
| 080 | _a342.72/.73:347.41/.43](438):340.5 | ||
| 920 | _a83-86605-47-2 | ||
| 942 | _cKS | ||
| 008 | s pl f |000 0 pol | ||
| 999 |
_c34564 _d34564 |
||
| 856 |
_uhttp://koha.tu.koszalin.pl/cgi-bin/koha/opac-detail.pl?biblionumber=34564 _yKatalog online BPK |
||